000 00279nam a2200097Ia 4500
001 1285943
005 20260417163813.0
008 260417s9999 xx 000 0 und d
245 0 _aKURTULUŞUN KAHRAMANLARI ALEMDAR GEMİSİ
_cİSMAİL BİLGİN
260 _bTİMAŞ ÇOCUK YAYINLARI
999 _c1285943
_d1285943